000
00310nam a2200145Ia 4500
100
_a
Lewis/Ralph
942
_c
BK
654
_a
team building
245
_a
Team building skills:Trainers guide
260
_b
Kogan Page
_c
1996
082
_a
658.3128
_b
LEW
300
_a
120
546
_a
ENGLISH
999
_c
23300
_d
23300